| 000 | 01657 a2200253 4500 | ||
|---|---|---|---|
| 005 | 20080826154329.0 | ||
| 008 | 080826t xxu||||| |||| 00| 0 hin d | ||
| 010 | _aHIN-83161 | ||
| 020 |
_c50.00 _a8123014104 |
||
| 035 | _aHN-55507 | ||
| 037 | _bपु.प्र.अ.प्र /वित | ||
| 082 | _a363.3495 | ||
| 100 | _aभाटिया, सुदर्शन कुमार | ||
| 245 |
_aभूकम्प / _cसुदर्शन कुमार भाटिया |
||
| 246 |
_aBhukamp _bby Sudarshan kumar Bhatia |
||
| 260 |
_aनई दिल्ली _bप्रकाशन विभाग _c2008 |
||
| 260 |
_aदिल्ली _bभारत पुस्तक भंडार (वितरक) |
||
| 270 |
_aसूचना और प्रसारण मंत्रालय,भारत सरकार,सी.जी.ओ.काम्प्लेक्स,लोधी रोड _bनई दिल्ली़ _e110003 |
||
| 270 |
_aफेस ई 1/265 ए, गली नं-16, सोनिया विहार _bदिल्ली _c10094 |
||
| 300 |
_a65पृ _c22 सेमी अजिल्द) |
||
| 942 |
_adpl _cHN _k363.3495 / भाटिया _2ddc _h363.3495 _m भाटिया |
||
| 999 |
_c11808 _d11808 |
||